000 02051nam0a2200433 4500
001 RU\NLR\bibl\860772
005 20250614154818.0
010 _a5-94729-058-8
_bв обл.
_9300
021 _aRU
_b2005-34370
_91718
035 _a(nilc)RSL-KNO-002673315
035 _a(NLR Aleph) 000849453
090 _a1470687
_c1470687
100 _a20050603d2004 |||y0rusy50 ca
101 0 _arus
_deng
102 _aRU
105 _aa |||||||||
106 _ar
200 1 _aОсвоение Северо-Востока СССР в 30-е гг. ХХ в.
_dDevelopment of the USSR North-East in 30th of XX century
_e(Ист.-демогр. аспект )
_fА. С. Навасардов
_zeng
210 _aМагадан
_cСВНЦ ДВО РАН
_d2004
_gМПО СВНЦ ДВО РАН
215 _a211 с.
_cил., табл.
_d29
300 _aАвт. также на англ. яз.: A.S. Navasardov
300 _aРез. на англ. яз.
320 _aБиблиогр.: с. 206-211
510 0 _6z55790
_aDevelopment of the USSR North-East in 30th of XX century
_zeng
601 0 1 _aСССР
_bГлавное управление исправительно-трудовых лагерей и мест заключения
_xИстория
_yСеверо-Восток
_92397750
_3RU\NLR\auth\661429494
606 1 _aОсужденные
_xТруд
_yСССР
_yСеверо-Восток
_z1930-ые гг.
_92397748
_3RU\NLR\auth\661429493
610 0 _aГосударство и право. Юридические науки -- Уголовно-исполнительное право -- СССР -- Особенная часть
686 _aХ628.41,0
_2rubbk
686 _aХ628.413
686 _aТ3(2)71-3
700 1 _aНавасардов
_bА. С.
_gАлександр Сергеевич
_4070
790 1 _6z55510
_aNavasardov
_bA. S.
_gAleksandr Sergeevič
_4070
801 0 _aRU
_bRuMoRKP
_c20050603
_grcr
801 1 _aRU
_bRuMoRGB
_c20050603
801 2 _aRU
_bNLR
_c20051026
_grcr
942 _cBOOK
980 _aNB
980 _aNBR